Ти имаш неповторима дарба (Запис номер 526470)
[ съкратено ]
| 000 -Лидер | |
|---|---|
| Лидер | 01110nam a2200289 a 4500 |
| 003 - Код на организацията, давaща контролен номер | |
| Код на организацията, даваща контролен номер | BLK |
| 005 - Дата и час на последна редакция | |
| Дата и час на последна редакция | 20250802111456.0 |
| 007 - Фиксирано поле за физическо описани | |
| Физическо описание | ta |
| 008 - Елементи от данни с фиксирана дължина | |
| Елементи с фиксирана дължина | 250205b bu |||||r|||| 00| | bu d |
| 020 ## - Международен стандартен номер на книга ISBN | |
| ISBN | 9786197727425 |
| 040 ## - Източник на каталожния запис | |
| Код на библиотеката | BLK |
| 041 ## - Код за език | |
| Език | Български |
| Език за КДБФ | Български |
| 080 ## - УДК | |
| 9 (RLIN) | 240643 |
| УДК текст | Френска литература |
| УДК код | 821.133.1 |
| УДК – определител | (494)-93-34 |
| УДК – код + определител | 821.133.1(494)-93-34 |
| 084 ## - Класификационен индекс по друга класификация | |
| Авторски знак | Кла - К 63 |
| 100 ## - Редна дума - Автор | |
| R(LIN) | 338188 |
| Автор | Клер, Оливие |
| 245 ## - Сведения за заглавието | |
| Заглавие | Ти имаш неповторима дарба |
| Авторска отговорност | Оливие Клер ; ил. Гайя Бордикиа ; прев. Валентина Бояджиева |
| 260 ## - Област на издателските данни | |
| 9 (RLIN) | 392712 |
| Място на издаване | София |
| Име на издателя | Timelines |
| Година на издаване | 2024 |
| Печатница | София : Спектър |
| 300 ## - Физическа характеристика | |
| Брой страници | 42 с. |
| Илюстрации | с цв. ил. |
| Размер | 25 см |
| 380 ## - Жанр | |
| Жанр | Детска худож. лит. |
| 500 ## - Общи забележки | |
| Обща забележка | Биогр. данни за авт. |
| 700 ## - Други автори (авторска отговорност) | |
| 9 (RLIN) | 247529 |
| Друг автор | Бояджиева, Валентина Борисова |
| 700 ## - Други автори (авторска отговорност) | |
| 9 (RLIN) | 489888 |
| Друг автор | Бордикиа, Гайя |
| 852 ## - Местоположение | |
| Сигнатура (форматна) | Цб 326121 |
| Отдел | Хранилище |
| 856 ## - Електронен адрес и достъп | |
| Инструкция (цена за достъп) | 0.00 |
| Права за достъп | disable |
| 942 ## - АРТИКУЛИ | |
| Вид на библиотечния документ | Книги |
| Скрит в OPAC | Не |
| Koha issues (borrowed), all copies | 12 |
| 944 ## - СЪЗДАВАНЕ И РЕДАКЦИЯ на ЗАПИСА | |
| Дата на регистрацията/редакция | Геновева Генчева |
| Служител, извършил регистрацията/редакцията | 30543 |
| Създаване/Редакция | |
| Номер на служител | Ива Цветкова |
| 999 ## - СИСТЕМНИ КОНТРОЛНИ НОМЕРА | |
| Koha biblionumber | 526470 |
| Koha biblioitemnumber | 526470 |
| Код за отписване | Код за изгубен артикул | Източник на класификационната схема | Код за повреда | Коз за рестрикции | Код за отдаване | Артикулен № | Име на библиотеката - собственик | Име на библиотеката, в която се намира в момента | Статус (Текущо местоположение) | Дата на вписване в системата | Местоположение - отдел | Цена в лева | Инвентарен номер | Систематично азбучна сигнатура | Баркод | Цена в евро | Служебен тип на артикула |
|---|---|---|---|---|---|---|---|---|---|---|---|---|---|---|---|---|---|
| Не е изгубен | Universal Decimal Classification | Не е повреден | само за читалня | ползва се в читалня | 960588 | Регионална библиотека "Любен Каравелов" Русе | Регионална библиотека "Любен Каравелов" Русе | Хранилище | 2025-02-10 | Хранилище | 20.00 | 120000917753 | Цб 326121 | 120000917753 | 10.23 | Книги | |
| Не е изгубен | Universal Decimal Classification | Не е повреден | заемане за дома | 975213 | Регионална библиотека "Любен Каравелов" Русе | Регионална библиотека "Любен Каравелов" Русе | Детски отдел | 2025-06-09 | Детски отдел | 15.00 | 120000920320 | 821-93/К 63-О | 120000920320 | 7.67 | Книги | ||
| Не е изгубен | Universal Decimal Classification | Не е повреден | заемане за дома | 975389 | Регионална библиотека "Любен Каравелов" Русе | Регионална библиотека "Любен Каравелов" Русе | Детски отдел | 2025-06-10 | Детски отдел | 20.00 | 120000920384 | 821-93/К 63-О | 120000920384 | 10.23 | Книги |